| 000 | 00381nam a2200145Ia 4500 | ||
|---|---|---|---|
| 008 | 220204s9999 xx 000 0 und d | ||
| 082 |
_a628.5 _bTRI |
||
| 245 | 0 | _aPollution management in industries | |
| 260 |
_aKarad _bEnvironmental _c1989 |
||
| 650 | _aAir pollution | ||
| 650 | _aIndustrial pollution | ||
| 650 | _aPollution management | ||
| 700 | _aTRIVEDY, R K | ||
| 942 | _cBK | ||
| 999 |
_c40082 _d40082 |
||